Responses for show #6562 - Tuesday, March 12, 2013

Drew Horwood game 6.

Contestants

[<< previous game]

Barrett Evans, a web publisher from Portland, Oregon

Tish Koch, an education finance consultant from Long Beach, California

Drew Horwood, a business analyst from Minneapolis, Minnesota (whose 5-day cash winnings total $79,197)

[next game >>]

Jeopardy! Round responses

THE QUOTABLE MARK TWAIN
ON THE GEOGRAPHIC MENU
TAKE ME OUT TO THE BASEBALL MOVIE
LET US GO FOURTH
HOW ODD
"Y U" LITTLE...
    $200 26
language

Tish
    $200 1
Java

Barrett
    $200 21
A League of Their Own

Barrett
    $200 11
John

Drew
    $200 6
Canada

Barrett
    $200 16
the yuan

Barrett
    $1,600 27
(Tish: What is the World's Fair?)

Halley's Comet

Tish
    $400 2
Baked Alaska

Tish
    $400 22
Field of Dreams

Barrett
    $400 12
Ivan

Drew
    $400 7
standard time

Barrett
    $400 17
Yuppies

Barrett
    $600 28
(Barrett: What is Congress?)
(Tish: What is church?)

heaven

TishBarrett
Triple Stumper
    $600 3
a Singapore Sling

Barrett
    $600 23
The Bad News Bears

Drew
    $600 13
the Crusades

Barrett
    $600 8
soil

Barrett
    $600 18
Yugoslavia

Barrett
    $800 29
the Mona Lisa

Barrett
    $800 4
[Drew delivers the response in a German accent]

a Berliner

Drew
    $800 24
The Natural

Barrett
    $800 14
seizures

Barrett
    $800 9
Bank of America

Barrett
    $800 19
yucking

Drew
    $1000 30
the Bible

Drew
    $1000 5
Hollandaise

Tish
    $1000 25
Bull Durham

Barrett
    $1000 15
Republic

Tish
    $1000 10
(What is a sloop?)

tall ships

Tish
Triple Stumper
    $1000 20
the Yuma

Drew

Scores at the first commercial break (after clue 15):

Drew Tish Barrett
$1,400 $1,400 $4,200

Scores at the end of the Jeopardy! Round:

Drew Tish Barrett
$4,800 -$600 $8,000

Double Jeopardy! Round responses

HE WAS PRESIDENT WHEN...
2 TONES
ITALIAN SCIENTISTS
DEVILISH EXPRESSIONS
MEDALS & DECORATIONS
THE "E" READER
    $400 20
(Drew: Who is...Ford?)

Nixon

DrewTish
    $400 26
Simon & Garfunkel

Tish
    $400 11
molecules

Tish
    $400 16
speak of the devil

Tish
    $400 6
(Drew: What is South Africa?)
(Tish: What is India?)

Denmark

DrewTish
Triple Stumper
    $400 1
Esther

Tish
    $800 21
Truman

Drew
    $800 27
Eurythmics

Barrett
    $800 12
a frog

Tish
    $800 17
idle hands

Barrett
    $800 7
(Drew: What is the Legion of Merit?)

the Legion of Honor

DrewTish
    $800 2
Ethan

Barrett
    $1200 22
McKinley

Drew
    $1200 28
the Pet Shop Boys

Drew
    $400 13
nitroglycerin

Tish
    $1200 18
devil's advocate

Barrett
    $1200 8
Ethiopia

Drew
    $1200 3
Elle

Barrett
    $1600 23
Jackson

Drew
    $1600 29
OutKast

Drew
    $1600 14
Marconi

Barrett
    $1600 19
The Merchant of Venice

Drew
    $6,400 9
the Bay of Pigs

Drew
    $1600 4
Ender

Drew
    $2000 24
(Drew: Who...is...Quincy Adams, [*]?)

John Quincy Adams

Drew
    $2000 30
Jaron Lowenstein

Triple Stumper
    $2000 15
Alessandro Volta

Triple Stumper
    $2000 25
the four of clubs

Triple Stumper
    $2000 10
the Quetzal

Triple Stumper
    $2000 5
The Europeans

Tish

Scores at the end of the Double Jeopardy! Round:

Drew Tish Barrett
$22,400 $5,000 $14,400

[wagering suggestions for these scores]

Final Jeopardy! Round responses

HISTORICAL RELATIVES
TishWho was Charles of Spain?
$5,000
BarrettWho is I have no idea
$14,400
DrewWho is King Ferdinand?
$6,401
King Ferdinand

Final scores:

Drew Tish Barrett
$28,801 $0 $0
6-day champion: $107,998 3rd place: $1,000 2nd place: $2,000

Game dynamics:

Coryat scores:

Drew Tish Barrett
$17,600 $7,400 $14,400
17 R
(including 1 DD),
3 W
13 R
(including 1 DD),
4 W
(including 1 DD)
22 R,
1 W

Combined Coryat: $39,400

The J! Archive is created by fans, for fans. The Jeopardy! game show and all elements thereof, including but not limited to copyright and trademark thereto, are the property of Jeopardy Productions, Inc. and are protected under law. This website is not affiliated with, sponsored by, or operated by Jeopardy Productions, Inc. Join the discussion at JBoard.tv.